[Event "Sao Paulo op-C U1700 8th"]
[Site "Sao Paulo"]
[Date "2019.10.19"]
[Round "3"]
[White "Rocha, Anderson Rosendo"]
[Black "Da Silva, Daniel Porto Godinh"]
[Result "1-0"]
[WhiteElo "1639"]
[BlackElo "1503"]
[PlyCount "104"]
[EventDate "2019.10.17"]
[EventType "swiss"]
[EventRounds "6"]
[EventCountry "BRA"]
[SourceTitle "CBM 192 Extra"]
[Source "Chessbase"]
[SourceDate "2019.11.06"]
[SourceVersion "1"]
[SourceVersionDate "2019.11.06"]
[SourceQuality "1"]

1. e4 Nf6 2. d3 d6 3. Nf3 Bg4 4. Nbd2 Nc6 5. Be2 e5 6. 0-0 Be7 7. h3 Bd7 8. c3 0-0 9. Qb3 Na5 10. Qc2 c5 11. a3 Nc6 12. b4 b6 13. Nc4 Qc7 14. Bg5 Be6 15. Ne3 h6 16. Bxf6 Bxf6 17. Nh2 Bg5 18. Nd1 f5 19. exf5 Bxf5 20. Bf3 Rad8 21. Bd5+ Kh8 22. Nf3 Ne7 23. Bb3 Bf6 24. Ne3 Bg6 25. Nd5 Nxd5 26. Bxd5 c4 27. Be4 Bxe4 28. dxe4 b5 29. Rfd1 Qc6 30. Rd5 Be7 31. a4 a6 32. axb5 axb5 33. Ra5 Rb8 34. Qa2 Rb6 35. Ra7 Rb7 36. Ra6 Rb6 37. Ra7 Rb7 38. Qa6 Qxa6 39. Rxa6 Rfb8 40. Nd2 Rb6 41. Ra5 Kg8 42. Nb1 Bg5 43. Na3 Kf7 44. Raxb5 Bc1 45. Nxc4 Rxb5 46. Rxb5 Rd8 47. Rd5 Ke6 48. b5 Rc8 49. Nxd6 Rxc3 50. b6 Ba3 51. Nb5 Rc1+ 52. Kh2 Bd6 1-0

[Event "Sao Paulo STD U2200 op 5th"]
[Site "Sao Paulo"]
[Date "2019.08.31"]
[Round "4"]
[White "Aragao Neto, Joao Batista"]
[Black "Rocha, Anderson Rosendo"]
[Result "0-1"]
[WhiteElo "1786"]
[BlackElo "1627"]
[PlyCount "72"]
[EventDate "2019.08.30"]
[EventType "swiss"]
[EventRounds "6"]
[EventCountry "BRA"]
[SourceTitle "CBM 195 Extra"]
[Source "ChessBase"]
[SourceDate "2020.05.31"]
[SourceVersion "1"]
[SourceVersionDate "2020.05.31"]
[SourceQuality "1"]

1. d4 Nf6 2. c4 g6 3. Nc3 Bg7 4. e4 d6 5. f3 0-0 6. Be3 Nbd7 7. Nge2 a6 8. Qd2 Re8 9. 0-0-0 c6 10. h4 b5 11. g4 Qa5 12. h5 b4 13. Nb1 Qxa2 14. hxg6 Qxc4+ 15. Nec3 Qb3 16. g5 bxc3 17. gxf7+ Kxf7 18. Nxc3 Ng8 19. Rxh7 Nf8 20. Rh2 c5 21. Bg1 e5 22. dxc5 dxc5 23. Qd6 Ne6 24. g6+ Kxg6 25. Qd2 Bh6 26. Be3 Bxe3 27. Qxe3 Nf4 28. Qxc5 Rb8 29. Bc4 Qb4 30. Rg1+ Kf6 31. Qc6+ Be6 32. Bxa6 Qb6 33. Qxb6 Rxb6 34. Bb5 Rc8 35. Kb1 Rxc3 36. bxc3 Rxb5+ 0-1

[Event "Hebraica op 26th"]
[Site "Hebraica"]
[Date "2019.01.13"]
[Round "5"]
[White "Dias, Marcelo de Souza"]
[Black "Rocha, Anderson Rosendo"]
[Result "1-0"]
[WhiteElo "1837"]
[BlackElo "1543"]
[PlyCount "93"]
[EventDate "2019.01.11"]
[EventType "swiss"]
[EventRounds "6"]
[EventCountry "BRA"]
[SourceTitle "EXT 2020"]
[Source "ChessBase"]
[SourceDate "2019.10.17"]
[SourceVersion "1"]
[SourceVersionDate "2019.10.17"]
[SourceQuality "1"]

1. d4 Nf6 2. c4 e6 3. Nc3 d5 4. Nf3 Nbd7 5. g3 Be7 6. Bg2 0-0 7. 0-0 b6 8. Ne5 Bb7 9. Bf4 c6 10. Rc1 Rc8 11. e4 Nxe5 12. dxe5 Nxe4 13. Nxe4 dxe4 14. Bxe4 Qc7 15. Qc2 h6 16. h4 c5 17. Rcd1 Rfd8 18. b3 Bc6 19. Qe2 Qb7 20. Bxc6 Qxc6 21. Qe3 b5 22. cxb5 Qxb5 23. Rc1 Rd3 24. Qe4 Rd4 25. Qxd4 cxd4 26. Rxc8+ Kh7 27. Rc7 Bc5 28. Rxf7 Kg6 29. Rc7 Qb6 30. Rc8 d3 31. Bd2 Kf5 32. b4 Bxb4 33. Bxb4 Qxb4 34. Rd8 Qc3 35. Rd1 Ke4 36. R8xd3 Qxd3 37. Rxd3 Kxd3 38. f4 Ke4 39. Kf2 g6 40. Ke2 h5 41. Kf2 Kf5 42. Kf3 g5 43. hxg5 a6 44. a3 a5 45. a4 Kg6 46. Ke4 h4 47. gxh4 1-0

[Event "Hebraica op 26th"]
[Site "Hebraica"]
[Date "2019.01.11"]
[Round "1"]
[White "Rocha, Anderson Rosendo"]
[Black "Stiegemeier, Fernando"]
[Result "1-0"]
[WhiteElo "1543"]
[BlackElo "2013"]
[PlyCount "71"]
[EventDate "2019.01.11"]
[EventType "swiss"]
[EventRounds "6"]
[EventCountry "BRA"]
[SourceTitle "EXT 2020"]
[Source "ChessBase"]
[SourceDate "2019.10.17"]
[SourceVersion "1"]
[SourceVersionDate "2019.10.17"]
[SourceQuality "1"]

1. e4 c6 2. d3 d5 3. Nd2 e5 4. Ngf3 Bd6 5. g3 Nf6 6. Bg2 0-0 7. 0-0 Bg4 8. Re1 Nbd7 9. Nf1 d4 10. h3 Be6 11. g4 Bb4 12. Bd2 Qa5 13. Ng3 c5 14. a3 Bxd2 15. Qxd2 Qb6 16. Qc1 c4 17. Bf1 Rac8 18. Nf5 Bxf5 19. exf5 cxd3 20. Bxd3 Rfe8 21. g5 Nd5 22. g6 hxg6 23. fxg6 fxg6 24. Be4 Nf4 25. Ng5 Qf6 26. h4 Nc5 27. Qb1 Nxe4 28. Rxe4 Qf5 29. Qa2+ Kf8 30. f3 Nh3+ 31. Nxh3 Qxh3 32. Qb3 Qg3+ 33. Kf1 Rc7 34. Rd1 Rf7 35. Qb4+ Kg8 36. Qb3 1-0

[Event "Paulista-ch"]
[Site "Sao Paulo"]
[Date "2018.11.10"]
[Round "3"]
[White "Viertler, Sabrina Camargo"]
[Black "Rocha, Anderson Rosendo"]
[Result "1-0"]
[WhiteElo "1265"]
[BlackElo "1584"]
[PlyCount "97"]
[EventDate "2018.11.09"]
[EventType "swiss"]
[EventRounds "6"]
[EventCountry "BRA"]
[SourceTitle "CBM 187 Extra"]
[Source "ChessBase"]
[SourceDate "2018.11.04"]
[SourceVersion "1"]
[SourceVersionDate "2018.11.04"]
[SourceQuality "1"]

1. e4 c5 2. Nf3 d6 3. d4 cxd4 4. Nxd4 Nf6 5. Nc3 a6 6. Be3 e6 7. Be2 Be7 8. 0-0 0-0 9. f4 Nbd7 10. Qd2 Nc5 11. e5 dxe5 12. fxe5 Nd5 13. Nxd5 Qxd5 14. Nf3 Qxd2 15. Bxd2 Ne4 16. Be3 Bd7 17. Rad1 Bc6 18. Nd2 Rfd8 19. Bf3 Nxd2 20. Rxd2 Rxd2 21. Bxd2 Bxf3 22. Rxf3 Bc5+ 23. Be3 Rc8 24. c3 g6 25. Bxc5 Rxc5 26. Re3 g5 27. Kf2 Kg7 28. g4 Rc4 29. h3 Kg6 30. Rd3 a5 31. Rd4 Rxd4 32. cxd4 h5 33. Ke3 hxg4 34. hxg4 f5 35. exf6 Kxf6 36. Ke4 b5 37. b3 b4 38. d5 Kf7 39. Ke5 exd5 40. Kxd5 Kf6 41. Kd6 Kg6 42. Ke6 Kg7 43. Kf5 Kh6 44. Kf6 Kh7 45. Kxg5 Kg7 46. Kf5 Kf7 47. g5 Kg7 48. g6 Kg8 49. Ke5 1-0

[Event "Sao Paulo STD U2200 op 2nd"]
[Site "Sao Paulo"]
[Date "2018.09.09"]
[Round "4"]
[White "Da Rosa, Henrique Jaze Simoe"]
[Black "Rocha, Anderson Rosendo"]
[Result "0-1"]
[WhiteElo "1487"]
[BlackElo "1654"]
[PlyCount "126"]
[EventDate "2018.09.08"]
[EventType "swiss"]
[EventRounds "6"]
[EventCountry "BRA"]
[SourceTitle "EXT 2021"]
[Source "ChessBase"]
[SourceDate "2020.10.23"]
[SourceVersion "1"]
[SourceVersionDate "2020.10.23"]
[SourceQuality "1"]

1. Nf3 Nf6 2. c4 g6 3. g3 Bg7 4. Bg2 0-0 5. 0-0 d6 6. d4 Nbd7 7. Nc3 c5 8. e4 a6 9. b3 Qc7 10. Bb2 Rb8 11. Qe2 e6 12. Rad1 Re8 13. Rfe1 cxd4 14. Nxd4 Nb6 15. Qd2 Rd8 16. h3 h6 17. Ba3 Ne8 18. Nf3 Nd7 19. Bxd6 Nxd6 20. Qxd6 Qxd6 21. Rxd6 Bxc3 22. Red1 Re8 23. R6d3 Bg7 24. b4 Ne5 25. Nxe5 Bxe5 26. f4 Bf6 27. e5 Be7 28. c5 a5 29. a3 axb4 30. axb4 Kg7 31. Kf2 f6 32. exf6+ Kxf6 33. Ke3 e5 34. fxe5+ Kxe5 35. Rd5+ Kf6 36. Rf1+ Kg7 37. Kd3 Bf5+ 38. Kd2 Bg5+ 39. Kd1 Ra8 40. Rfxf5 gxf5 41. Rd7+ Re7 42. Rxe7+ Bxe7 43. Bxb7 Rb8 44. c6 Bd8 45. g4 fxg4 46. hxg4 Kf6 47. Ke2 Ke5 48. Kf3 Kd4 49. Kf4 Kc4 50. Kf5 Bc7 51. Kg6 Rh8 52. Kg7 Be5+ 53. Kg6 Kxb4 54. Kh5 Kc5 55. g5 hxg5+ 56. Kxg5 Rf8 57. Kg6 Kd4 58. Kg5 Bc7 59. Ba6 Ke5 60. Bd3 Rg8+ 61. Bg6 Bd8+ 62. Kh6 Kf6 63. Be4 Rh8+ 0-1

[Event "Sao Paulo Karman Cup"]
[Site "Sao Paulo"]
[Date "2018.08.11"]
[Round "3"]
[White "Rocha, Anderson Rosendo"]
[Black "Okuda, Paulo Alexandre Yuj"]
[Result "0-1"]
[WhiteElo "1658"]
[BlackElo "1510"]
[PlyCount "174"]
[EventDate "2018.08.10"]
[EventType "swiss"]
[EventRounds "6"]
[EventCountry "BRA"]
[SourceTitle "CBM 186 Extra"]
[Source "ChessBase"]
[SourceDate "2018.08.24"]
[SourceVersion "1"]
[SourceVersionDate "2018.08.24"]
[SourceQuality "1"]

1. e4 Nc6 2. d3 e5 3. Nf3 Nf6 4. g3 Bc5 5. Bg2 0-0 6. 0-0 d6 7. Nbd2 Ne8 8. Re1 f5 9. h3 Nf6 10. c3 Qe8 11. a4 a5 12. Nf1 fxe4 13. dxe4 Be6 14. g4 Ne7 15. Ng3 Qd7 16. g5 Ne8 17. h4 Bh3 18. Be3 Bxe3 19. Rxe3 b6 20. b3 Ng6 21. Bxh3 Qxh3 22. Nf5 Nf4 23. Ne7+ Kf7 24. Nxe5+ dxe5 25. Rxh3 Nxh3+ 26. Kg2 Nf4+ 27. Kh2 Kxe7 28. b4 axb4 29. cxb4 Nd6 30. Rc1 Rfc8 31. Qc2 c5 32. Rd1 cxb4 33. Qd2 Rc6 34. Qxb4 Rac8 35. Rd2 Ne6 36. Rd5 Rc5 37. Qxb6 Rxd5 38. exd5 Nc7 39. a5 Nxd5 40. Qa7+ Nc7 41. Qb6 Nd5 42. Qa7+ Rc7 43. Qa8 Nb4 44. Qb8 Rb7 45. Qh8 Ke6 46. Qxh7 e4 47. Qg6+ Kd5 48. Qh5 Nd3 49. g6+ Kd4 50. a6 Rb2 51. a7 Rxf2+ 52. Kg1 Ra2 53. Qh8 Rxa7 54. Qb8 Ra1+ 55. Kg2 Ra2+ 56. Kg3 Nf5+ 57. Kg4 Nh6+ 58. Kg3 e3 59. Qd6+ Kc3 60. Qc6+ Kd2 61. Qg2+ e2 62. h5 Nf5+ 63. Kh2 Ne3 64. h6 gxh6 65. g7 Nxg2 66. g8Q e1Q 67. Qxa2+ Ke3 68. Qe6+ Kf3 69. Qh3+ Ke4 70. Qxg2+ Kd4 71. Qg4+ Qe4 72. Qg1+ Kd5 73. Qg8+ Kd4 74. Qd8+ Ke3 75. Qb6+ Kf3 76. Qf6+ Qf4+ 77. Qxf4+ Kxf4 78. Kh3 Kg5 79. Kg3 h5 80. Kh3 h4 81. Kh2 Kg4 82. Kg2 h3+ 83. Kh2 Nf4 84. Kh1 Kg3 85. Kg1 Nd3 86. Kh1 Nf2+ 87. Kg1 h2+ 0-1

[Event "Sao Paulo Salles Cup 12th"]
[Site "Sao Paulo"]
[Date "2018.04.22"]
[Round "5"]
[White "Rocha, Anderson Rosendo"]
[Black "Itagyba, Renan Fortes"]
[Result "1-0"]
[WhiteElo "1522"]
[BlackElo "1737"]
[PlyCount "86"]
[EventDate "2018.04.20"]
[EventType "swiss"]
[EventRounds "6"]
[EventCountry "BRA"]
[SourceTitle "CBM 184 Extra"]
[Source "ChessBase"]
[SourceDate "2018.06.28"]
[SourceVersion "1"]
[SourceVersionDate "2018.06.28"]
[SourceQuality "1"]

1. e4 c5 2. d3 g6 3. Nf3 Bg7 4. g3 Nc6 5. Bg2 d6 6. 0-0 Nf6 7. Nc3 0-0 8. h3 Bd7 9. g4 Rb8 10. Ne2 b5 11. Ng3 h6 12. c3 e5 13. Be3 Qe7 14. Nd2 b4 15. f4 exf4 16. Bxf4 Ne5 17. Nf3 Rfd8 18. d4 Nxf3+ 19. Bxf3 Bb5 20. Re1 Rbc8 21. cxb4 cxd4 22. Qd2 Nd7 23. Bxh6 Qh4 24. Bf4 Qxh3 25. Kf2 Qh2+ 26. Bg2 Nf6 27. Rh1 Nxg4+ 28. Kf3 d3 29. Kxg4 f5+ 30. Kf3 Rc2 31. Rxh2 Rxd2 32. Bxd2 fxe4+ 33. Nxe4 Rf8+ 34. Ke3 d5 35. Nc5 Re8+ 36. Kf2 Re2+ 37. Kf1 Kf8 38. a4 Bc4 39. Rd1 Bd4 40. Nxd3 Rf2+ 41. Ke1 Bxd3 42. Bh6+ Bg7 43. Bxg7+ Kxg7 1-0

[Event "Sao Paulo Salles Cup 12th"]
[Site "Sao Paulo"]
[Date "2018.04.20"]
[Round "2"]
[White "Rocha, Anderson Rosendo"]
[Black "Melo, Sergio Roberto Samp"]
[Result "1-0"]
[WhiteElo "1522"]
[BlackElo "1718"]
[PlyCount "95"]
[EventDate "2018.04.20"]
[EventType "swiss"]
[EventRounds "6"]
[EventCountry "BRA"]
[SourceTitle "CBM 184 Extra"]
[Source "ChessBase"]
[SourceDate "2018.06.28"]
[SourceVersion "1"]
[SourceVersionDate "2018.06.28"]
[SourceQuality "1"]

1. e4 e6 2. d3 d5 3. Nd2 Nc6 4. Ngf3 dxe4 5. dxe4 e5 6. g3 Nf6 7. Bg2 Bg4 8. 0-0 Nd4 9. h3 Bxf3 10. Nxf3 Nxf3+ 11. Qxf3 Be7 12. Qe2 c6 13. Be3 0-0 14. f4 Qa5 15. c3 Bc5 16. b4 Bxe3+ 17. Qxe3 exf4 18. gxf4 Qb5 19. a4 Qc4 20. Rfd1 Rad8 21. f5 Rfe8 22. e5 Nd5 23. Bxd5 Rxd5 24. Qg3 h6 25. Rxd5 Qxd5 26. Re1 c5 27. b5 c4 28. f6 g6 29. Qe3 Kh7 30. Qd4 Qxd4+ 31. cxd4 Rd8 32. Rd1 g5 33. Kf2 c3 34. Ke3 Kg6 35. Ke4 h5 36. d5 g4 37. hxg4 hxg4 38. Rc1 Rc8 39. d6 g3 40. Kd5 g2 41. d7 Rd8 42. Kd6 Kf5 43. Ke7 Rxd7+ 44. Kxd7 Kxe5 45. Ke7 Kd4 46. Kxf7 Kd3 47. Ke7 Kd2 48. Rg1 1-0

[Event "Sao Paulo Carnaval op"]
[Site "Sao Paulo"]
[Date "2018.02.13"]
[Round "7"]
[White "Nobre, Jose Adalberto Barb"]
[Black "Rocha, Anderson Rosendo"]
[Result "0-1"]
[WhiteElo "1650"]
[BlackElo "1453"]
[PlyCount "42"]
[EventDate "2018.02.10"]
[EventType "swiss"]
[EventRounds "7"]
[EventCountry "BRA"]
[SourceTitle "CBM 183 Extra"]
[Source "ChessBase"]
[SourceDate "2018.04.19"]
[SourceVersion "1"]
[SourceVersionDate "2018.04.19"]
[SourceQuality "1"]

1. e4 e6 2. d4 d5 3. Nc3 dxe4 4. Nxe4 Bd7 5. Nf3 Bc6 6. Bd3 Nd7 7. Bf4 Ngf6 8. Qe2 Be7 9. 0-0 0-0 10. Rad1 Bxe4 11. Bxe4 Nxe4 12. Qxe4 c6 13. Rfe1 Nf6 14. Qe2 b5 15. Ne5 Rc8 16. Rd3 Nd5 17. Bd2 c5 18. dxc5 Bxc5 19. Bh6 gxh6 20. Qg4+ Qg5 21. Qh3 Nf4 0-1

[Event "Sao Paulo Carnaval op"]
[Site "Sao Paulo"]
[Date "2018.02.11"]
[Round "4"]
[White "Rocha, Anderson Rosendo"]
[Black "De Paiva, Ricardo Carisio Bat"]
[Result "1-0"]
[WhiteElo "1453"]
[BlackElo "1758"]
[PlyCount "35"]
[EventDate "2018.02.10"]
[EventType "swiss"]
[EventRounds "7"]
[EventCountry "BRA"]
[SourceTitle "CBM 183 Extra"]
[Source "ChessBase"]
[SourceDate "2018.04.19"]
[SourceVersion "1"]
[SourceVersionDate "2018.04.19"]
[SourceQuality "1"]

1. Nf3 d5 2. b3 Nf6 3. Bb2 e6 4. d4 c5 5. e3 Nc6 6. a3 Be7 7. Bd3 0-0 8. 0-0 a6 9. Ne5 Nxe5 10. dxe5 Nd7 11. f4 f6 12. Qh5 g6 13. Bxg6 hxg6 14. Qxg6+ Kh8 15. Rf3 f5 16. Qh6+ Kg8 17. Rg3+ Bg5 18. Rxg5+ 1-0

[Event "Florianopolis op 4th"]
[Site "Florianopolis"]
[Date "2018.01.22"]
[Round "6"]
[White "Rocha, Anderson Rosendo"]
[Black "Ribeiro, Regina"]
[Result "0-1"]
[WhiteElo "1522"]
[BlackElo "1960"]
[PlyCount "64"]
[EventDate "2018.01.19"]
[EventType "swiss"]
[EventRounds "10"]
[EventCountry "BRA"]
[SourceTitle "EXT 2019"]
[Source "ChessBase"]
[SourceDate "2018.10.10"]
[SourceVersion "1"]
[SourceVersionDate "2018.10.10"]
[SourceQuality "1"]

1. Nf3 Nf6 2. b3 g6 3. Bb2 Bg7 4. g3 d6 5. Bg2 e5 6. d4 e4 7. Nfd2 Qe7 8. e3 h5 9. h3 c6 10. 0-0 a5 11. a3 Bf5 12. c4 d5 13. Nc3 Qd7 14. Kh2 Na6 15. f3 exf3 16. Nxf3 Ng4+ 17. hxg4 hxg4+ 18. Nh4 g5 19. Kg1 gxh4 20. gxh4 dxc4 21. bxc4 Rxh4 22. Na4 Qe6 23. e4 Qh6 24. Qe1 Bg6 25. Qf2 0-0-0 26. Rfd1 Rh8 27. Kf1 Rh1+ 28. Bxh1 Qxh1+ 29. Ke2 Qxe4+ 30. Kd2 Qd3+ 31. Kc1 Bh6+ 32. Rd2 Qc2# 0-1